Valuing ecosystem services : (Registro nro. 17745)

Detalles MARC
000 -CABECERA
Campo de control 01483cam a2200289 a 4500
005 - FECHA Y HORA DE LA ULTIMA TRANSACCION
Campo de control 20150903124545.0
008 - ELEMENTOS DE LONGITUD FIJA—INFORMACION GENERAL
Campo de control 080408s2008 enkab b 001 0 eng
020 ## - ISBN
ISBN 9781844076154
020 ## - ISBN
ISBN 1844076156
040 ## - FUENTE DE CATALOGACIÓN
Agencia catalogadora original DLC
Agencia transcriptora DLC
Agencia Modificadora DLC
-- CO-BoIAVH
041 0# - IDIOMA
Código de idioma para texto/pista de sonido o título separado Inglés
044 ## - PAÍS DE PUBLICACIÓN
País de publicación Inglaterra
082 04 - NUMERO DE CLASIFICACION DECIMAL DEWEY
Número de clasificación 333.918
Número del ítem T94v
100 1# - ASIENTO PRINCIPAL--NOMBRE PERSONAL
Nombre personal Turner, R. Kerry
9 (RLIN) 17300
245 10 - MENCION DE TITULO
Título Valuing ecosystem services :
Parte restante del título the case of multi-functional wetlands /
Mención de responsabilidad R. Kerry Turner, Stavros Georgiou and Brendan Fisher.
260 ## - PUBLICACION, DISTRIBUCION, ETC. (PIE DE IMPRENTA)
Lugar de publicación, distribución, etc. Londres ;
-- Sterling, VA :
Nombre del editor, distribuidor, etc. Earthscan,
Fecha de publicación, distribución, etc. 2008.
300 ## - DESCRIPCION FISICA
Extensión vi, 229 páginas :
Otros detalles físicos mapas y tablas ;
Dimensiones 24 cm.
500 ## - NOTA GENERAL
Nota general Incluye listas de figuras, tablas y cajas.
504 ## - NOTA DE BIBLIOGRAFIA, ETC.
Nota de bibliografía Incluye referencias bibliográficas (Páginas 209-223) y índice.
505 0# - NOTA DE CONTENIDO
Nota de contenido El enfoque de los servicios ecosistemicos a la gestión de los recursos naturales.<br/>Perspectivas, políticas de evaluación y criterios de evaluación socio-económicos.<br/>El enfoque de servicios de los ecosistémicos: la valoración de los humedales multifuncionales.<br/>La valoración económica de los servicios ecosistémicos de humedales en la práctica.<br/>Valoración de los humedales multifuncionales: Estudios de caso.<br/>
650 #0 - ASIENTO SECUNDARIO DE MATERIA - TERMINO TEMATICO
Término temático o nombre geográfico como elemento de entrada Manejo de humedales
Subdivisión general Aspectos económicos.
9 (RLIN) 38057
650 #0 - ASIENTO SECUNDARIO DE MATERIA - TERMINO TEMATICO
Término temático o nombre geográfico como elemento de entrada Manejo de ecosistemas
Subdivisión general Aspectos económicos.
9 (RLIN) 38058
650 #6 - ASIENTO SECUNDARIO DE MATERIA - TERMINO TEMATICO
Término temático o nombre geográfico como elemento de entrada Servicios Ecosistémicos
9 (RLIN) 38059
700 1# - ASIENTO SECUNDARIO - NOMBRE PERSONAL
Nombre personal Georgiou, Stavros G.
9 (RLIN) 38060
700 1# - ASIENTO SECUNDARIO - NOMBRE PERSONAL
Nombre personal Fisher, Brendan.
9 (RLIN) 38061
942 ## - ELEMENTOS ADICIONALES (KOHA)
Sistema de clasificación Dewey Decimal Classification
Tipo de ítem Libro
Existencias
Withdrawn status Lost status Sistema de Clasificación Damaged status No para préstamo Colección Inventariado Ubicación Permanente Ubicación actual Fecha de adquisición Fuente de Valor Valor Total Checkouts Número topográfico Inventario / Código de Barras Date last seen Ejemplar Price effective from Forma de adquisición Tipo de material
    Dewey Decimal Classification     General Inventariado 2017 Bogotá Bogotá 03/09/2015 Instituto 39000.00   LB-333.918 T94v 028734 03/09/2015 Ej. 1 03/09/2015   Libro